Smith and Keenan's English law
Salvato in:
| Autore principale: | |
|---|---|
| Natura: | Libro |
| Pubblicazione: |
London :
Pearson,
c2004.
|
| Edizione: | 14th ed. |
| Soggetti: | |
| Tags: |
Aggiungi Tag
Nessun Tag, puoi essere il primo ad aggiungerne!!
|
MARC
| LEADER | 00000nam a22000007a 4500 | ||
|---|---|---|---|
| 020 | |a 9780582822917 |c TZS 67,000/= | ||
| 040 | |a MUL |b eng |e AACR | ||
| 082 | |a 349.42 KEE | ||
| 100 | |a Kenneth, Denis | ||
| 245 | |a Smith and Keenan's English law |c / Smith, Keenan and Denis Keenan | ||
| 250 | |a 14th ed. | ||
| 260 | |a London : |b Pearson, |c c2004. | ||
| 300 | |a xliii, 899 p. : |c 23 cm. | ||
| 504 | |a Include index | ||
| 546 | |a eng | ||
| 650 | |a English Law |z Great Britain | ||
| 942 | |c BK | ||
| 999 | |c 10663 |d 10663 | ||